[Event "105th British-ch 2018"]
[Site "Hull"]
[Date "2018.08.05"]
[Round "9"]
[White "Pollack, Oscar"]
[Black "Moore, Graham J"]
[Result "1-0"]
[WhiteElo "2064"]
[BlackElo "2218"]
[Annotator "NA"]
[PlyCount "93"]
[EventDate "2018.07.28"]
[EventType "swiss"]
[EventCountry "GBR"]
[SourceTitle "playchess.com"]
[Source "ChessBase"]
[SourceQuality "1"]
[TimeControl "40/5400+30:1800+30"]

1. e4 {[%emt 0:00:00]} e6 {[%emt 0:00:03]} 2. d4 {[%emt 0:00:00]} d5 {[%emt 0:00:03]} 3. Nc3 {[%emt 0:00:00]} Bb4 {[%emt 0:00:35]} 4. e5 {[%emt 0:00:00]} c5 {[%emt 0:00:05]} 5. a3 {[%emt 0:00:00]} Bxc3+ {[%emt 0:00:04]} 6. bxc3 {[%emt 0:00:00]} Qa5 {[%emt 0:00:11]} 7. Bd2 {[%emt 0:00:09]} Qa4 {[%emt 0:00:04]} 8. Qb1 {[%emt 0:01:01]} c4 {[%emt 0:00:16]} 9. Nh3 {[%emt 0:00:36]} Nc6 {[%emt 0:03:40]} 10. Be2 {[%emt 0:01:17]} Bd7 {[%emt 0:00:31]} 11. O-O {[%emt 0:01:46]} O-O-O {[%emt 0:00:17]} 12. f4 {[%emt 0:03:22]} Nge7 {[%emt 0:06:10]} 13. Nf2 {[%emt 0:01:24]} h5 {[%emt 0:03:32]} 14. Nd1 {[%emt 0:01:05]} Nf5 {[%emt 0:02:07]} 15. Nb2 {[%emt 0:01:59]} Qa5 {[%emt 0:00:23]} 16. Qe1 {[%emt 0:02:06]} Kb8 {[%emt 0:00:46]} 17. a4 {[%emt 0:03:21]} Rh6 {[%emt 0:08:18]} 18. Bc1 {[%emt 0:04:14]} Rdh8 {[%emt 0:00:53]} 19. Nd1 {[%emt 0:03:05]} Ka8 {[%emt 0:02:06]} 20. Ba3 {[%emt 0:05:46]} Rg6 {[%emt 0:00:34]} 21. Bc5 {[%emt 0:03:26]} h4 {[%emt 0:00:29]} 22. Bf3 {[%emt 0:03:19]} Qd8 {[%emt 0:04:09]} 23. Ne3 {[%emt 0:04:35]} Ng3 {[%emt 0:07:04]} 24. f5 {[%emt 0:01:54]} Rg5 {[%emt 0:03:39]} 25. a5 {[%emt 0:06:07]} Nxf1 {[%emt 0:02:28]} 26. Qxf1 {[%emt 0:00:29]} Nxa5 {[%emt 0:11:10]} 27. Qc1 {[%emt 0:02:51]} Rxf5 {[%emt 0:01:07]} 28. Nxf5 {[%emt 0:00:26]} exf5 {[%emt 0:00:06]} 29. Qa3 {[%emt 0:01:45]} b6 {[%emt 0:02:26]} 30. Bxd5+ {[%emt 0:01:13]} Bc6 {[%emt 0:00:07]} 31. Qxa5 {[%emt 0:05:05]} bxa5 {[%emt 0:00:06]} 32. Bxc6+ {[%emt 0:00:07]} Kb8 {[%emt 0:00:13]} 33. Bd6+ {[%emt 0:00:09]} Kc8 {[%emt 0:00:17]} 34. Rb1 {[%emt 0:00:18]} Qb6 {[%emt 0:00:30]} 35. Rxb6 {[%emt 0:00:05]} axb6 {[%emt 0:00:03]} 36. d5 {[%emt 0:01:16]} Rh6 {[%emt 0:00:34]} 37. Bf8 {[%emt 0:01:20]} h3 {[%emt 0:01:23]} 38. g3 {[%emt 0:00:34]} Rg6 {[%emt 0:00:11]} 39. d6 {[%emt 0:00:39]} f4 {[%emt 0:02:26]} 40. Be7 {[%emt 0:00:25]} fxg3 {[%emt 0:00:06]} 41. d7+ {[%emt 0:30:33]} Kc7 {[%emt 0:30:04]} 42. d8=Q+ {[%emt 0:00:22]} Kxc6 {[%emt 0:00:02]} 43. Qe8+ {[%emt 0:00:45]} Kb7 {[%emt 0:00:23]} 44. Qxf7 {[%emt 0:00:22]} gxh2+ {[%emt 0:00:04]} 45. Kxh2 {[%emt 0:00:07]} Rg2+ {[%emt 0:00:06]} 46. Kxh3 {[%emt 0:00:06]} Rxc2 {[%emt 0:00:11]} 47. Qxc4 {[%emt 0:00:58]} 1-0

[Event "105th British-ch 2018"]
[Site "Hull"]
[Date "2018.08.05"]
[Round "9"]
[White "Thurlow, Kevin J"]
[Black "Sugden, John N"]
[Result "1/2-1/2"]
[WhiteElo "2030"]
[BlackElo "2090"]
[Annotator "NA"]
[PlyCount "52"]
[EventDate "2018.07.28"]
[EventType "swiss"]
[EventCountry "GBR"]
[SourceTitle "playchess.com"]
[Source "ChessBase"]
[SourceQuality "1"]
[TimeControl "40/5400+30:1800+30"]

1. c4 {[%emt 0:00:00]} e5 {[%emt 0:00:00]} 2. Nc3 {[%emt 0:00:00]} Nc6 {[%emt 0:00:13]} 3. e3 {[%emt 0:00:05]} Nf6 {[%emt 0:05:29]} 4. Nf3 {[%emt 0:00:33]} Be7 {[%emt 0:02:10]} 5. d4 {[%emt 0:00:29]} exd4 {[%emt 0:01:59]} 6. Nxd4 {[%emt 0:00:07]} O-O {[%emt 0:01:11]} 7. Be2 {[%emt 0:00:21]} Bb4 {[%emt 0:06:36]} 8. O-O {[%emt 0:04:18]} Re8 {[%emt 0:03:56]} 9. Nd5 {[%emt 0:05:03]} Nxd5 {[%emt 0:07:52]} 10. cxd5 {[%emt 0:00:26]} Nxd4 {[%emt 0:00:24]} 11. Qxd4 {[%emt 0:00:09]} Be7 {[%emt 0:00:39]} 12. Bf3 {[%emt 0:02:25]} c5 {[%emt 0:00:46]} 13. dxc6 {[%emt 0:00:22]} dxc6 {[%emt 0:00:40]} 14. Rd1 {[%emt 0:00:29]} Qxd4 {[%emt 0:01:26]} 15. Rxd4 {[%emt 0:00:08]} Be6 {[%emt 0:01:52]} 16. Bd2 {[%emt 0:05:32]} Red8 {[%emt 0:04:40]} 17. Bc3 {[%emt 0:00:20]} Bc5 {[%emt 0:04:16]} 18. Rxd8+ {[%emt 0:00:37]} Rxd8 {[%emt 0:00:10]} 19. a3 {[%emt 0:01:09]} Bb3 {[%emt 0:01:36]} 20. Kf1 {[%emt 0:00:10]} f6 {[%emt 0:00:45]} 21. Ke1 {[%emt 0:00:11]} Kf7 {[%emt 0:01:02]} 22. Rc1 {[%emt 0:02:04]} Bb6 {[%emt 0:02:25]} 23. g3 {[%emt 0:04:12]} g6 {[%emt 0:06:13]} 24. Bd1 {[%emt 0:07:13]} Bxd1 {[%emt 0:00:36]} 25. Rxd1 {[%emt 0:00:04]} Rxd1+ {[%emt 0:00:15]} 26. Kxd1 {[%emt 0:00:06]} Ke6 {[%emt 0:00:22]} 1/2-1/2

[Event "105th British-ch 2018"]
[Site "Hull"]
[Date "2018.08.05"]
[Round "9"]
[White "Iyengar, Ilya"]
[Black "Ratnesan, Ranesh"]
[Result "1-0"]
[WhiteElo "2017"]
[BlackElo "2073"]
[Annotator "NA"]
[PlyCount "91"]
[EventDate "2018.07.28"]
[EventType "swiss"]
[EventCountry "GBR"]
[SourceTitle "playchess.com"]
[Source "ChessBase"]
[SourceQuality "1"]
[TimeControl "40/5400+30:1800+30"]

1. d4 {[%emt 0:00:00]} Nf6 {[%emt 0:00:00]} 2. Nf3 {[%emt 0:00:00]} g6 {[%emt 0:00:00]} 3. c4 {[%emt 0:00:03]} Bg7 {[%emt 0:00:05]} 4. g3 {[%emt 0:00:07]} O-O {[%emt 0:00:09]} 5. Bg2 {[%emt 0:00:13]} d6 {[%emt 0:00:10]} 6. O-O {[%emt 0:00:08]} Nbd7 {[%emt 0:00:08]} 7. Nc3 {[%emt 0:00:10]} e5 {[%emt 0:00:14]} 8. e4 {[%emt 0:00:11]} exd4 {[%emt 0:00:20]} 9. Nxd4 {[%emt 0:00:09]} Re8 {[%emt 0:00:24]} 10. h3 {[%emt 0:00:25]} Nc5 {[%emt 0:00:51]} 11. Re1 {[%emt 0:00:31]} a5 {[%emt 0:00:36]} 12. b3 {[%emt 0:10:55]} Bd7 {[%emt 0:13:48]} 13. Bb2 {[%emt 0:08:16]} Qc8 {[%emt 0:03:45]} 14. Kh2 {[%emt 0:00:33]} a4 {[%emt 0:02:32]} 15. Rb1 {[%emt 0:01:58]} axb3 {[%emt 0:08:43]} 16. axb3 {[%emt 0:00:51]} Ne6 {[%emt 0:01:26]} 17. Nxe6 {[%emt 0:05:36]} Bxe6 {[%emt 0:03:12]} 18. Ra1 {[%emt 0:11:46]} Bd7 {[%emt 0:11:33]} 19. Qc2 {[%emt 0:14:01]} h5 {[%emt 0:14:07]} 20. Nd5 {[%emt 0:10:29]} Nxd5 {[%emt 0:07:18]} 21. cxd5 {[%emt 0:00:56]} Rxa1 {[%emt 0:04:58]} 22. Rxa1 {[%emt 0:04:10]} c5 {[%emt 0:02:03]} 23. h4 {[%emt 0:04:09]} Qd8 {[%emt 0:06:20]} 24. Re1 {[%emt 0:08:21]} b6 {[%emt 0:04:57]} 25. f4 {[%emt 0:03:15]} Bf6 {[%emt 0:03:16]} 26. Qf2 {[%emt 0:05:31]} Bxb2 {[%emt 0:05:10]} 27. Qxb2 {[%emt 0:00:14]} b5 {[%emt 0:00:51]} 28. e5 {[%emt 0:00:37]} Qa5 {[%emt 0:00:56]} 29. Ra1 {[%emt 0:01:12]} Qc7 {[%emt 0:01:02]} 30. e6 {[%emt 0:02:26]} Bc8 {[%emt 0:05:10]} 31. Qf6 {[%emt 0:01:41]} Qe7 {[%emt 0:00:51]} 32. Qxe7 {[%emt 0:04:53]} Rxe7 {[%emt 0:00:08]} 33. Ra8 {[%emt 0:00:05]} Re8 {[%emt 0:00:19]} 34. Bh3 {[%emt 0:00:48]} Bd7 {[%emt 0:01:06]} 35. exf7+ {[%emt 0:02:02]} Kxf7 {[%emt 0:00:08]} 36. Ra7 {[%emt 0:00:04]} Re2+ {[%emt 0:00:31]} 37. Kg1 {[%emt 0:00:24]} Re3 38. Rxd7+ {[%emt 0:00:17]} Kf8 39. Kf2 {[%emt 0:00:29]} Rxb3 {[%emt 0:01:06]} 40. Rxd6 {[%emt 0:00:10]} Kg7 {[%emt 0:00:57]} 41. Rd7+ {[%emt 0:02:59]} Kf8 {[%emt 0:00:55]} 42. Rc7 {[%emt 0:02:42]} c4 {[%emt 0:00:26]} 43. d6 {[%emt 0:00:14]} Rd3 {[%emt 0:00:17]} 44. Rc8+ {[%emt 0:01:02]} Kf7 {[%emt 0:00:10]} 45. d7 {[%emt 0:00:20]} Ke7 {[%emt 0:00:12]} 46. Re8+ {[%emt 0:00:07]} 1-0

[Event "105th British-ch 2018"]
[Site "Hull"]
[Date "2018.08.05"]
[Round "9"]
[White "Miller, Dominic"]
[Black "Burke, Mitchell R"]
[Result "1-0"]
[WhiteElo "2017"]
[BlackElo "1988"]
[Annotator "NA"]
[PlyCount "77"]
[EventDate "2018.07.28"]
[EventType "swiss"]
[EventCountry "GBR"]
[SourceTitle "playchess.com"]
[Source "ChessBase"]
[SourceQuality "1"]
[TimeControl "40/5400+30:1800+30"]

1. e4 {[%emt 0:00:00]} c5 {[%emt 0:01:31]} 2. Nf3 {[%emt 0:00:00]} h6 {[%emt 0:00:02]} 3. c3 {[%emt 0:00:25]} Qa5 {[%emt 0:02:53]} 4. Be2 {[%emt 0:02:33]} g6 {[%emt 0:07:28]} 5. O-O {[%emt 0:01:10]} Bg7 {[%emt 0:03:05]} 6. d4 {[%emt 0:04:14]} d6 {[%emt 0:06:31]} 7. Na3 {[%emt 0:06:32]} Nc6 {[%emt 0:10:54]} 8. Nc4 {[%emt 0:19:30]} Qc7 {[%emt 0:03:12]} 9. Ne3 {[%emt 0:05:50]} Nf6 {[%emt 0:07:15]} 10. d5 {[%emt 0:22:16]} Nb8 {[%emt 0:05:34]} 11. Qc2 {[%emt 0:03:44]} O-O {[%emt 0:13:16]} 12. a4 {[%emt 0:00:15]} e6 {[%emt 0:03:10]} 13. Nd2 {[%emt 0:00:44]} exd5 {[%emt 0:01:02]} 14. exd5 {[%emt 0:00:55]} b6 {[%emt 0:06:20]} 15. a5 {[%emt 0:03:09]} Nbd7 {[%emt 0:05:55]} 16. axb6 {[%emt 0:01:41]} Nxb6 {[%emt 0:00:20]} 17. Bf3 {[%emt 0:01:02]} Bb7 {[%emt 0:02:14]} 18. Qd3 {[%emt 0:01:56]} a5 {[%emt 0:01:55]} 19. g4 {[%emt 0:04:14]} Qd7 {[%emt 0:02:33]} 20. c4 {[%emt 0:03:02]} Qe7 {[%emt 0:01:44]} 21. Bg2 {[%emt 0:01:39]} Rfe8 {[%emt 0:01:16]} 22. Nf3 {[%emt 0:03:06]} Bc8 {[%emt 0:01:52]} 23. h3 {[%emt 0:00:18]} h5 {[%emt 0:01:13]} 24. Nh2 {[%emt 0:04:43]} hxg4 {[%emt 0:02:04]} 25. hxg4 {[%emt 0:00:00]} Ne4 {[%emt 0:05:40]} 26. Nc2 {[%emt 0:00:00]} Nf6 {[%emt 0:02:29]} 27. Re1 {[%emt 0:04:20]} Qxe1+ {[%emt 0:00:53]} 28. Nxe1 {[%emt 0:00:04]} Rxe1+ {[%emt 0:00:02]} 29. Bf1 {[%emt 0:00:35]} Nxg4 {[%emt 0:00:42]} 30. Nxg4 Bxg4 {[%emt 0:00:09]} 31. Kg2 {[%emt 0:03:23]} Rae8 {[%emt 0:01:14]} 32. Qg3 {[%emt 0:03:27]} Bf5 {[%emt 0:00:38]} 33. Qxd6 {[%emt 0:00:52]} Bh6 {[%emt 0:00:45]} 34. Bxh6 {[%emt 0:00:23]} Be4+ {[%emt 0:00:30]} 35. f3 {[%emt 0:00:10]} Bxf3+ {[%emt 0:00:25]} 36. Kxf3 {[%emt 0:00:06]} Rxa1 {[%emt 0:00:05]} 37. Kg2 {[%emt 0:01:25]} Kh7 {[%emt 0:00:13]} 38. Bg5 {[%emt 0:00:17]} Ree1 {[%emt 0:00:17]} 39. Bf6 {[%emt 0:00:20]} 1-0

[Event "105th British-ch 2018"]
[Site "Hull"]
[Date "2018.08.05"]
[Round "9"]
[White "Young, Daniel J"]
[Black "Palliser, Richard J D"]
[Result "0-1"]
[WhiteElo "1962"]
[BlackElo "2418"]
[Annotator "TA"]
[PlyCount "76"]
[EventDate "2018.07.28"]
[EventType "swiss"]
[EventCountry "GBR"]
[SourceTitle "playchess.com"]
[Source "ChessBase"]
[SourceQuality "1"]

{[%evp 17,76,19,37,31,39,40,62,58,61,62,62,56,59,53,58,53,59,47,59,51,59,41,45,47,46,46,45,26,69,-67,-58,-67,-72,-52,-46,-79,-61,-235,-242,-218,-168,-270,-233,-275,-294,-290,-282,-252,-275,-242,-253,-968,-954,-885,-857,-29989,-29990,-29990,-29990,-29997,-480]} 1. e4 c6 2. d4 d5 3. e5 Bf5 4. Nf3 e6 5. Be2 Nd7 6. O-O Bg6 7. Nbd2 {B12: Caro-Kann: Advance Variation} Nh6 8. Nb3 Nf5 9. a4 a5 {LiveBook: 6 Games} 10. c3 Bh5 $146 ({Predecessor:} 10... h5 11. Ng5 h4 12. Nh3 Be7 13. Nf4 Bh7 {1-0 (44) Kryvoruchko,Y (2708)-Svane,R (2570) Sharjah 2017}) 11. h3 {Black must now prevent g4.} Bxf3 12. Bxf3 Be7 13. Be2 Bg5 14. Bd3 Bxc1 15. Qxc1 Ne7 16. Qe3 Qb6 17. Bc2 Nf5 18. Qe1 g6 19. g4 Ne7 20. Qe3 h5 21. Kg2 O-O-O 22. Rh1 Qc7 23. Nc5 (23. g5 $14) 23... Nxc5 $15 24. dxc5 d4 $1 $36 {[%cal Rd4e3][%mdl 2048] White is under strong pressure.} 25. cxd4 Nd5 26. Qd2 g5 {Hoping for ...Nf4+.} 27. Rad1 $2 ({White should try} 27. h4 $1 $15) 27... Nf4+ $19 28. Kf3 {next h4 is good for White.} f6 29. exf6 (29. Qe1 {was called for.} hxg4+ 30. hxg4) 29... Rhf8 30. Be4 Rxf6 31. Ke3 {[#]} e5 $1 {[%cal Re5d4]} 32. Qc3 {[#]} Re8 $1 33. d5 cxd5 34. Bxd5 $2 (34. Rxd5 Nxd5+ 35. Bxd5) 34... Nxd5+ 35. Rxd5 Qf7 36. Qxa5 Qxd5 {Black mates.} 37. Qa8+ Kc7 38. Qxe8 Qd4+ {Precision: White = 37%, Black = 62%.} 0-1

[Event "105th British-ch 2018"]
[Site "Hull"]
[Date "2018.08.05"]
[Round "9"]
[White "Stephenson, David W"]
[Black "Jamroz, Krzysztof"]
[Result "0-1"]
[WhiteElo "1833"]
[BlackElo "2026"]
[Annotator "NA"]
[PlyCount "76"]
[EventDate "2018.07.28"]
[EventType "swiss"]
[EventCountry "GBR"]
[SourceTitle "playchess.com"]
[Source "ChessBase"]
[SourceQuality "1"]
[TimeControl "40/5400+30:1800+30"]

1. d4 {[%emt 0:00:00]} Nf6 {[%emt 0:00:00]} 2. f3 {[%emt 0:00:03]} c5 {[%emt 0:00:53]} 3. d5 {[%emt 0:01:05]} e6 {[%emt 0:00:10]} 4. Nc3 {[%emt 0:04:02]} exd5 {[%emt 0:01:08]} 5. Nxd5 {[%emt 0:00:29]} Nxd5 {[%emt 0:00:05]} 6. Qxd5 {[%emt 0:00:12]} Nc6 {[%emt 0:00:19]} 7. e4 {[%emt 0:03:49]} d6 {[%emt 0:00:40]} 8. Qb3 {[%emt 0:14:36]} Be7 {[%emt 0:03:17]} 9. Bf4 {[%emt 0:05:22]} O-O {[%emt 0:01:52]} 10. O-O-O {[%emt 0:04:03]} Qc7 {[%emt 0:00:15]} 11. Qc3 {[%emt 0:07:09]} Nb4 {[%emt 0:28:07]} 12. Kb1 {[%emt 0:05:34]} Be6 {[%emt 0:02:08]} 13. Bc4 {[%emt 0:03:55]} Bxc4 {[%emt 0:01:56]} 14. Qxc4 {[%emt 0:00:28]} Rab8 {[%emt 0:01:30]} 15. a3 {[%emt 0:02:33]} b5 {[%emt 0:00:39]} 16. Qf1 {[%emt 0:09:26]} Nc6 {[%emt 0:01:08]} 17. Ne2 {[%emt 0:00:56]} b4 {[%emt 0:03:38]} 18. a4 {[%emt 0:07:18]} b3 {[%emt 0:04:03]} 19. c3 {[%emt 0:10:37]} Qa5 {[%emt 0:05:27]} 20. Kc1 {[%emt 0:03:07]} Qxa4 {[%emt 0:00:47]} 21. Kd2 {[%emt 0:00:20]} Na5 {[%emt 0:07:22]} 22. Ke1 {[%emt 0:01:54]} Nc4 {[%emt 0:01:13]} 23. Rb1 {[%emt 0:01:27]} Nxb2 {[%emt 0:00:56]} 24. Nc1 {[%emt 0:01:34]} Nc4 {[%emt 0:01:15]} 25. Kf2 {[%emt 0:00:19]} b2 {[%emt 0:04:14]} 26. Nd3 {[%emt 0:01:14]} Qc2+ {[%emt 0:00:19]} 27. Kg3 {[%emt 0:01:02]} g5 {[%emt 0:02:32]} 28. Kh3 {[%emt 0:06:07]} gxf4 {[%emt 0:00:38]} 29. Nxf4 {[%emt 0:00:08]} Na3 {[%emt 0:04:08]} 30. Nd5 {[%emt 0:01:43]} Bg5 {[%emt 0:01:36]} 31. Qe1 {[%emt 0:01:09]} Kh8 {[%emt 0:01:28]} 32. f4 {[%emt 0:01:18]} Bd8 {[%emt 0:00:44]} 33. f5 {[%emt 0:01:43]} Rg8 {[%emt 0:01:06]} 34. Rg1 {[%emt 0:00:27]} Nxb1 {[%emt 0:00:43]} 35. Qe3 {[%emt 0:00:57]} Qd2 {[%emt 0:00:42]} 36. g4 {[%emt 0:01:19]} Qxe3+ {[%emt 0:00:14]} 37. Nxe3 {[%emt 0:00:06]} Nxc3 {[%emt 0:00:10]} 38. g5 {[%emt 0:00:16]} Rxg5 {[%emt 0:00:28]} 0-1

[Event "105th British-ch 2018"]
[Site "Hull"]
[Date "2018.08.05"]
[Round "10.1"]
[White "Adams, Michael"]
[Black "McShane, Luke J"]
[Result "1-0"]
[WhiteElo "2706"]
[BlackElo "2669"]
[Annotator "TA"]
[PlyCount "89"]
[EventDate "2018.07.28"]
[EventType "swiss"]
[EventCountry "GBR"]
[SourceTitle "playchess.com"]
[Source "ChessBase"]
[SourceQuality "1"]

{[%evp 14,89,19,20,20,15,32,16,21,18,32,0,22,0,50,49,44,49,46,29,29,13,23,20,21,20,35,34,47,35,47,49,49,48,57,56,46,44,47,50,98,80,171,170,168,185,172,129,142,131,130,110,125,107,755,748,748,739,732,729,712,670,822,779,29965,9693,6821,5925,6346,6099,2800,6211,29976,29977,29980,29981,29982,29983]} 1. e4 e5 2. Nf3 Nc6 3. Bc4 Bc5 4. d3 Nf6 5. O-O d6 6. c3 O-O 7. a4 a5 8. Bg5 {LiveBook: 25 Games. C54: Giuoco Piano: 4 c3 Nf6, main lines with 5 d4 and 5 d3} (8. Na3 Be6 9. Bxe6 fxe6 10. Nc2 Qe8 11. Be3 Bxe3 12. Nxe3 Rd8 13. Qe2 d5 14. Rfe1 Qg6 15. Nf1 Nh5 {½-½ (38) Anand,V (2782)-Ding,L (2777) Riadh 2017}) 8... Qe7 9. Nbd2 Be6 10. Qb3 {White is slightly better.} Rab8 11. Rad1 $146 ({Predecessor:} 11. Bd5 Rfe8 12. h3 Nd8 13. Bxe6 Nxe6 14. Bxf6 Qxf6 15. Qc2 Nf4 16. Kh1 Re6 17. Nb3 Qg6 18. Rg1 Qh5 19. Nh2 Bb6 20. d4 Rf6 {½-½ (20) Klimenko,V-Wilkins,M Canberra 1995}) 11... h6 {...Bxc4 is the strong threat.} 12. Bh4 (12. Bxe6 {keeps more tension.} fxe6 13. Be3 Nd7 14. Qb5 Qf7 15. Nc4) 12... Ba7 (12... g5 {is more complex.} 13. Bg3 Nh5 14. Bd5 Qf6 15. Kh1 Bd7) 13. Bxe6 Qxe6 (13... fxe6 {feels hotter.} 14. h3 g5 15. Bg3 Nh5 16. Kh1 Nf4) 14. Bxf6 $1 Qxb3 15. Nxb3 {Hoping for Bh4.} gxf6 16. Nbd2 Rfd8 17. Nh4 Ne7 18. Nc4 b5 $1 {[%cal Rb5c4]} 19. Nxa5 {Black must now prevent Nf5.} Bb6 20. b4 {Strongly threatening Nf5.} Bxa5 21. bxa5 b4 22. cxb4 Rxb4 23. g3 Ra8 24. Rb1 Rxa4 25. Rfc1 c5 26. Rb6 $36 {[%mdl 2048] White fights for an advantage.} Rd8 27. a6 f5 (27... Kg7 $16) 28. Nxf5 $18 Nxf5 29. exf5 {[%mdl 4096] Endgame KRR-KRR} Kg7 30. Kf1 Ra2 31. g4 Kf6 32. Rxc5 {aiming for Kg2.} Kg5 {[#]} 33. Rc4 $1 d5 $2 {[%mdl 8192] [#]} (33... Ra8 $16) 34. h4+ $1 Kxh4 35. Rxh6+ Kg5 36. Rh5+ Kf6 37. Rc6+ Ke7 38. Rh7 Rb8 39. Re6+ Kf8 40. Rh8+ Kg7 41. Rxb8 fxe6 42. fxe6 {White wants to mate with e7.} Kf6 43. Ra8 {White mates.} Kxe6 44. a7 Kf7 45. Rh8 {Precision: White = 72%, Black = 32%.} 1-0

[Event "105th British-ch 2018"]
[Site "Hull"]
[Date "2018.08.05"]
[Round "11.1"]
[White "McShane, Luke J"]
[Black "Adams, Michael"]
[Result "1-0"]
[WhiteElo "2669"]
[BlackElo "2706"]
[Annotator "TA"]
[PlyCount "139"]
[EventDate "2018.07.28"]
[EventType "swiss"]
[EventCountry "GBR"]
[SourceTitle "playchess.com"]
[Source "ChessBase"]
[SourceQuality "1"]

{[%evp 23,139,0,0,-27,0,-32,0,0,0,-10,0,0,7,0,5,5,10,10,6,3,0,0,0,0,0,-27,-47,-43,-45,-73,-69,-204,-158,-155,-155,-183,-153,-287,-160,-241,-124,-114,-118,-137,-137,-139,-129,-163,-129,-140,-147,-151,-127,-133,-141,-143,-128,-138,-158,-159,-133,-112,-88,-104,-94,-505,-206,-446,0,-433,0,-188,-204,-239,-241,-234,-225,-231,-208,-186,292,282,272,266,468,452,481,443,567,560,553,493,956,956,922,892,1237,1131,1939,5261,2766,2672,1934,1724,1604,866,1361,1109,872,880,881,865,865,862,29993,29994,29995,29995]} 1. e4 e5 2. Nf3 Nc6 3. Bc4 Bc5 4. d3 Nf6 5. O-O O-O 6. h3 h6 7. c3 d6 8. Re1 a6 {C54: Giuoco Piano: 4 c3 Nf6, main lines with 5 d4 and 5 d3} (8... a5 9. Nbd2 Be6 10. Bb5 Qb8 11. Nf1 Qa7 12. Re2 a4 13. Ng3 Qa5 14. Bxc6 bxc6 15. Nh4 Rfe8 16. Re1 {½-½ (28) Mamedyarov,S (2808)-Karjakin,S (2782) Stavanger 2018}) 9. Bb3 Re8 10. Nbd2 Be6 11. Nf1 Bxb3 12. axb3 d5 {LiveBook: 5 Games} 13. Qe2 Qd7 14. b4 Bf8 15. Ng3 Rad8 {[#]} 16. Kf1 $146 ({Predecessor:} 16. Nh2 dxe4 17. dxe4 Qd3 18. Ng4 Nxg4 19. Qxg4 {1-0 (55) Andriasian,Z (2598)-Pashikian,A (2607) Yerevan 2013}) 16... g6 17. Qc2 Re6 18. Qa4 dxe4 19. dxe4 Qd3+ 20. Kg1 Red6 21. Be3 Qc4 (21... Nxe4 $6 22. Nxe4 Qxe4 23. Bg5 $16) 22. Rac1 Kh7 ({Don't play} 22... Nxe4 $6 23. Nxe4 Qxe4 24. Bg5 $16) 23. b3 Qe6 24. c4 {Black should prevent b5.} R6d7 25. c5 Rd3 26. Rc4 Na7 27. Bc1 (27. Rec1 $15) 27... Nd7 {[%cal Bf6d7,Bd7b8,Bb8c6,Bc6d4,Bd4b5][%mdl 32]} 28. Qa2 Nb8 29. Bd2 {[%cal Bc1d2,Bd2c3,Bc3b2][%mdl 32]} Nbc6 30. Nf1 {[#]} (30. Re3 $17 {might work better.}) 30... Nb5 (30... Rxf3 $1 $19 {[%mdl 512]} 31. gxf3 Qxh3) 31. Ne3 (31. Re3 $17) 31... Nbd4 (31... f5 $19 32. Rd1 Nbd4 33. Nxd4 Nxd4) 32. Nxd4 $17 Nxd4 ({Of course not} 32... R3xd4 $6 33. Nd5 $11) 33. Bc3 Nb5 $1 {[%cal Rb5c3]} 34. Bb2 c6 35. Ba1 h5 36. Rc2 Bh6 37. Nc4 Nd4 38. Bxd4 R8xd4 ({Don't take} 38... exd4 39. e5 $15) 39. Qb2 h4 40. Rce2 Bf4 41. Qc2 Kg7 42. Rf1 Kg8 43. Ree1 Qd7 44. Nd6 $2 {[%mdl 8192] [#]} (44. Nb6 $17 {is more resistant.} Qd8 45. Nc4) 44... Rd2 (44... Rxh3 $142 $1 {[%mdl 512]} 45. Ne8 (45. gxh3 Qxh3) 45... Qe6 46. Nf6+ Kf8) 45. Qc3 $2 (45. Qb1 {was the only defense.}) 45... R2d3 46. Qc2 {[#]} Rd2 $2 (46... Rxh3 $1 $19 {[%mdl 512]} 47. Ne8 (47. gxh3 Qxh3) 47... Qe6 48. Nf6+ Kf8 49. gxh3 Qxh3) 47. Qb1 $2 (47. Qc3 $11 {and White stays safe.}) 47... Rxb4 $19 48. Nc4 {[#]} Rd4 $1 {[%cal Rd4c4]} 49. Rd1 Rb5 50. b4 a5 51. Rxd4 Qxd4 $4 {[%mdl 8192]} (51... exd4 $19 {and all is fine.} 52. Nxa5 Bd2) 52. Nd6 $18 Qxb4 53. Nxb5 Qxc5 $2 (53... cxb5 54. Qxb4 axb4) 54. Nc7 b5 55. Rd1 a4 56. Qd3 Bg5 57. Qd7 Qc4 (57... Be7 $142 58. Na6 Qc2) 58. Qe8+ Kh7 59. Qxe5 {Intending Ne8 and mate.} Qc2 60. Rf1 Qd2 61. Ne8 {[%csl Ge8][%cal Re5g7]} Bh6 62. Nf6+ Kg7 63. Ng4+ Kh7 64. Qf6 Bg7 65. Qxh4+ Kg8 66. Nf6+ Bxf6 67. Qxf6 a3 68. e5 Qc3 69. Rd1 Kh7 70. Rd8 {Precision: White = 45%, Black = 47%.} 1-0